Statistics for All IMSA SportsCar Drivers Championships

Click here to take the quiz!

General Stats

  • This quiz has been taken 65 times
    (7 since last reset)
  • The average score is 6 of 10

Answer Stats

YearDrivers% Correct
2020Ricky Taylor/Hélio Castroneves
100%
2017Jordan Taylor/Ricky Taylor
86%
2023Pipo Derani/Alexander Sims
86%
2021Pipo Derani/Felipe Nasr
86%
2022Tom Blomqvist/Oliver Jarvis
71%
2019Dane Cameron/Juan Pablo Montoya
43%
2014João Barbosa/Christian Fittipaldi
43%
2015João Barbosa/Christian Fittipaldi
43%
2016Dane Cameron/Eric Curran
29%
2018Eric Curran/Felipe Nasr
29%

Score Distribution

Percentile by Number Answered

Percent of People with Each Score

Your Score History

You have not taken this quiz since the last reset